[Event "Rubinstein Memorial-C 55th"]
[Site "Polanica Zdroj"]
[Date "2019.08.25"]
[Round "9"]
[White "Koscielny, Edmond"]
[Black "Mulawa, Cyprian"]
[Result "1/2-1/2"]
[WhiteElo "1841"]
[BlackElo "1578"]
[PlyCount "64"]
[EventDate "2019.08.17"]
[EventType "swiss"]
[EventRounds "9"]
[EventCountry "POL"]
[SourceTitle "EXT 2020"]
[Source "ChessBase"]
[SourceDate "2019.10.17"]
[SourceVersion "1"]
[SourceVersionDate "2019.10.17"]
[SourceQuality "1"]

1. f4 d5 2. Nf3 g6 3. e3 Bg7 4. Be2 Nf6 5. 0-0 0-0 6. d3 c5 7. Qe1 Nc6 8. a4 b6 9. Ne5 Qc7 10. Qg3 Nd7 11. Nxc6 Qxc6 12. c4 e6 13. Nc3 Nf6 14. Bf3 Qd7 15. Rd1 Bb7 16. e4 d4 17. Ne2 Qc7 18. Bd2 a5 19. Qf2 Nd7 20. Rf1 f5 21. e5 Bxf3 22. Qxf3 g5 23. Qg3 g4 24. h3 gxh3 25. gxh3 Kh8 26. Kf2 Rg8 27. Qh4 Qd8 28. Qxd8 Raxd8 29. Kf3 Bxe5 30. Ng3 Bd6 31. Rae1 Rde8 32. Re2 Re7 1/2-1/2

[Event "Rubinstein Memorial-C 55th"]
[Site "Polanica Zdroj"]
[Date "2019.08.24"]
[Round "8"]
[White "Budzisz, Adrian"]
[Black "Koscielny, Edmond"]
[Result "1-0"]
[WhiteElo "1631"]
[BlackElo "1841"]
[PlyCount "62"]
[EventDate "2019.08.17"]
[EventType "swiss"]
[EventRounds "9"]
[EventCountry "POL"]
[SourceTitle "EXT 2020"]
[Source "ChessBase"]
[SourceDate "2019.10.17"]
[SourceVersion "1"]
[SourceVersionDate "2019.10.17"]
[SourceQuality "1"]

1. Nf3 f5 2. d4 d6 3. e3 Nf6 4. Be2 e6 5. 0-0 Be7 6. c4 0-0 7. Nc3 Qe8 8. b4 c6 9. a4 Ne4 10. Bb2 Nd7 11. b5 Ndf6 12. Na2 Bd7 13. Ne1 a6 14. f3 Ng5 15. Qb3 Rb8 16. Nc3 Qg6 17. Nd3 Nh5 18. c5 f4 19. Ne4 Nxe4 20. fxe4 fxe3 21. Ba3 cxb5 22. cxd6 bxa4 23. Bxh5 Qxh5 24. dxe7 Rf2 25. Qd1 e2 26. Qxe2 Qxe2 27. Rxf2 Qe3 28. Re1 Qxd4 29. Bc5 Qxf2+ 30. Nxf2 b5 31. Rd1 Kf7 1-0

[Event "Rubinstein Memorial-C 55th"]
[Site "Polanica Zdroj"]
[Date "2019.08.19"]
[Round "3"]
[White "Koscielny, Edmond"]
[Black "Rog, Bartlomiej"]
[Result "0-1"]
[WhiteElo "1841"]
[BlackElo "1540"]
[PlyCount "42"]
[EventDate "2019.08.17"]
[EventType "swiss"]
[EventRounds "9"]
[EventCountry "POL"]
[SourceTitle "EXT 2020"]
[Source "ChessBase"]
[SourceDate "2019.10.17"]
[SourceVersion "1"]
[SourceVersionDate "2019.10.17"]
[SourceQuality "1"]

1. f4 e5 2. d3 exf4 3. Bxf4 d5 4. Nf3 Nf6 5. Nc3 Bb4 6. a3 Bxc3+ 7. bxc3 Bg4 8. g3 0-0 9. Bg2 Nh5 10. Bd2 f5 11. 0-0 Nc6 12. Qb1 Rb8 13. Ng5 f4 14. gxf4 h6 15. h3 hxg5 16. hxg4 Ng3 17. Qb3 Nxe2+ 18. Kh2 Ne7 19. Qb4 gxf4 20. Rae1 Nc6 21. Qc5 Qh4+ 0-1

[Event "Rubinstein Memorial-C 53rd"]
[Site "Polanica Zdroj"]
[Date "2017.08.22"]
[Round "4"]
[White "Burzak, Wojciech"]
[Black "Koscielny, Edmond"]
[Result "1-0"]
[WhiteElo "1687"]
[BlackElo "1879"]
[PlyCount "71"]
[EventDate "2017.08.19"]
[EventType "swiss"]
[EventRounds "9"]
[EventCountry "POL"]
[SourceTitle "CBM 180 Extra"]
[Source "ChessBase"]
[SourceDate "2017.10.06"]
[SourceVersion "1"]
[SourceVersionDate "2017.10.06"]
[SourceQuality "1"]

1. e4 d6 2. d4 Nf6 3. Nc3 g6 4. Be3 Bg7 5. Qd2 c6 6. 0-0-0 b5 7. f3 a5 8. h4 h5 9. Nh3 Bxh3 10. Rxh3 Nbd7 11. Be2 Nb6 12. e5 Nfd5 13. exd6 Nxc3 14. Qxc3 Qxd6 15. Qc5 Qxc5 16. dxc5 Nd5 17. Bxb5 Bxb2+ 18. Kxb2 Rb8 19. Bd4 0-0 20. Ka1 cxb5 21. Rhh1 e6 22. Be5 Rbc8 23. Bd6 Rfd8 24. Kb2 Ne3 25. Rd3 Nc4+ 26. Kb3 f6 27. a4 Nxd6 28. Rxd6 bxa4+ 29. Kxa4 Rxd6 30. cxd6 Rxc2 31. Rd1 Rc8 32. Kxa5 Kf7 33. Kb6 e5 34. d7 Rd8 35. Kc7 Ke7 36. Rd6 1-0

[Event "Polanica Zdroj op-C 52nd"]
[Site "Polanica Zdroj"]
[Date "2016.08.28"]
[Round "7"]
[White "Rudecki, Bartosz"]
[Black "Koscielny, Edmond"]
[Result "1-0"]
[WhiteElo "1665"]
[BlackElo "1913"]
[PlyCount "65"]
[EventDate "2016.08.20"]
[EventType "swiss"]
[EventRounds "9"]
[EventCountry "POL"]
[SourceTitle "CBM 174 Extra"]
[Source "ChessBase"]
[SourceDate "2016.10.10"]
[SourceVersion "1"]
[SourceVersionDate "2016.10.10"]
[SourceQuality "1"]

1. Nf3 f5 2. d4 Nf6 3. g3 d6 4. Bg2 e6 5. c4 Be7 6. 0-0 0-0 7. Nc3 Qe8 8. b4 Ne4 9. Qc2 Qg6 10. Ne1 Nxc3 11. Qxc3 c5 12. bxc5 dxc5 13. dxc5 Bf6 14. Qb3 Bxa1 15. Bxb7 Bxb7 16. Qxb7 Nc6 17. Qxc6 Rac8 18. Qa4 Bd4 19. Nd3 Rf7 20. Rd1 Qf6 21. e3 Bxc5 22. Bb2 Qg5 23. Nxc5 Rxc5 24. Qe8+ Rf8 25. Qxe6+ Kh8 26. Ba3 Qh5 27. Rd7 Re8 28. Qa6 Rcc8 29. Bb2 Rb8 30. Bxg7+ Kg8 31. Bd4 Re4 32. Qf6 Rxd4 33. Qg7# 1-0

[Event "FRA-ch op-B"]
[Site "Saint Quentin"]
[Date "2015.??.??"]
[Round "6"]
[White "Koscielny, Edmond"]
[Black "Ruhant, Anthony"]
[Result "0-1"]
[WhiteElo "1855"]
[BlackElo "1947"]
[PlyCount "98"]
[EventDate "2015.08.09"]
[EventType "swiss"]
[EventRounds "11"]
[EventCountry "FRA"]
[SourceTitle "EXT 2016"]
[Source "ChessBase"]
[SourceDate "2015.10.08"]
[SourceVersion "1"]
[SourceVersionDate "2015.10.08"]
[SourceQuality "1"]

1. f4 d5 2. Nf3 Bf5 3. e3 e6 4. b3 Nf6 5. Bb2 c5 6. Be2 Nc6 7. 0-0 h6 8. Bb5 Be7 9. Ne5 Qb6 10. Bxc6+ bxc6 11. d3 h5 12. c4 Ng4 13. Nxg4 Bxg4 14. Qe1 d4 15. e4 h4 16. Nd2 0-0-0 17. h3 Bh5 18. Nf3 Qc7 19. Bc1 Rdg8 20. Bd2 Bxf3 21. Rxf3 g5 22. fxg5 Bxg5 23. Qf2 Rh7 24. Rf1 Bxd2 25. Qxd2 Kd8 26. Qf4 Qxf4 27. Rxf4 Ke7 28. R1f2 Rg6 29. Kh2 e5 30. Rg4 Rhh6 31. Rf5 Ke6 32. Rf3 Rf6 33. Rxf6+ Kxf6 34. g3 hxg3+ 35. Kxg3 Ke6 36. h4 f5 37. exf5+ Kxf5 38. Kf3 Rh5 39. Kg3 Rh6 40. Rg7 Rh5 41. Rf7+ Ke6 42. Rxa7 e4 43. dxe4 d3 44. Ra8 d2 45. Rd8 Rd5 46. exd5+ Ke7 47. Rc8 cxd5 48. cxd5 d1Q 49. Rxc5 Qg1+ 0-1

[Event "Polanica Zdroj op-D 49th"]
[Site "Polanica Zdroj"]
[Date "2013.08.24"]
[Round "8"]
[White "Szymanowski, Igor"]
[Black "Koscielny, Edmond"]
[Result "0-1"]
[WhiteElo "1656"]
[BlackElo "1886"]
[PlyCount "98"]
[EventDate "2013.08.17"]
[EventType "swiss"]
[EventRounds "9"]
[EventCountry "POL"]
[SourceTitle "EXT 2014"]
[Source "ChessBase"]
[SourceDate "2013.11.20"]
[SourceVersion "1"]
[SourceVersionDate "2013.11.20"]
[SourceQuality "1"]

1. e4 d6 2. d4 Nf6 3. f3 g6 4. Be3 Bg7 5. Qd2 0-0 6. Nc3 e5 7. h4 exd4 8. Bxd4 Nc6 9. Be3 h5 10. Nh3 Re8 11. 0-0-0 Be6 12. Ng5 Qe7 13. Kb1 a6 14. Bd3 Ne5 15. Rde1 Nxd3 16. cxd3 b5 17. Rhf1 c5 18. f4 Ng4 19. Nd1 Qd8 20. f5 gxf5 21. exf5 Bd5 22. Bf4 Qf6 23. Ne4 Bxe4 24. dxe4 Ne5 25. Bg5 Nc4 26. Qc1 Qd4 27. f6 Bh8 28. Qf4 Ne5 29. Bh6 Ng6 30. Qf3 Re6 31. Bg5 Rae8 32. Qxh5 Rxe4 33. Rxe4 Rxe4 34. Qf3 Nxh4 35. Qh3 Rg4 36. Be3 Qd3+ 37. Ka1 Re4 38. g4 Bxf6 39. g5 Bd4 40. Qc8+ Kg7 41. Bxd4+ Rxd4 42. Rxf7+ Kxf7 43. Qd7+ Kg6 44. Qe6+ Kxg5 45. Qe7+ Kf5 46. Qf7+ Ke5 47. Qe7+ Kf4 48. Qxh4+ Kf3 49. Qh3+ Kf4 0-1

[Event "Polanica Zdroj op-D 48th"]
[Site "Polanica Zdroj"]
[Date "2012.08.26"]
[Round "9"]
[White "Koscielny, Edmond"]
[Black "Wisniewski, Michal"]
[Result "0-1"]
[WhiteElo "1898"]
[BlackElo "1863"]
[PlyCount "110"]
[EventDate "2012.08.18"]
[EventType "swiss"]
[EventRounds "9"]
[EventCountry "POL"]
[SourceTitle "EXT 2014"]
[Source "ChessBase"]
[SourceDate "2013.11.20"]
[SourceVersion "1"]
[SourceVersionDate "2013.11.20"]
[SourceQuality "1"]

1. f4 d5 2. Nf3 g6 3. g3 Bg7 4. Bg2 Nf6 5. 0-0 0-0 6. d3 c5 7. Ne5 d4 8. e4 dxe3 9. Bxe3 Qc7 10. Nc3 Nbd7 11. Nc4 a6 12. a4 Nb6 13. Nxb6 Qxb6 14. a5 Qxb2 15. Na4 Qb5 16. Bxc5 Qxa5 17. d4 Qc7 18. Re1 Re8 19. Nb6 Rb8 20. Nxc8 Rbxc8 21. Qb1 Nd7 22. Qxb7 Nxc5 23. dxc5 Bxa1 24. Rxa1 Qxb7 25. Bxb7 Rxc5 26. Be4 a5 27. Kf2 Rb8 28. Ke3 Rb4 29. Bd3 e5 30. fxe5 Rxe5+ 31. Kf3 Kg7 32. h3 h5 33. Kf2 h4 34. g4 Rf4+ 35. Kg2 a4 36. c4 Ra5 37. Ra3 Kf6 38. Bf1 Kg5 39. Bd3 f6 40. Be2 Re5 41. Bd1 Rxc4 42. Rxa4 Rxa4 43. Bxa4 Re3 44. Bc6 Rg3+ 45. Kh2 f5 46. gxf5 gxf5 47. Ba8 f4 48. Bg2 f3 49. Bf1 f2 50. Bg2 Kf4 51. Bf1 Rg1 52. Bg2 f1Q 53. Bxf1 Rxf1 54. Kg2 Rf3 55. Kh2 Rg3 0-1

[Event "Polanica Zdroj op-D 48th"]
[Site "Polanica Zdroj"]
[Date "2012.08.24"]
[Round "7"]
[White "Koscielny, Edmond"]
[Black "Norov, Artem"]
[Result "1-0"]
[WhiteElo "1898"]
[BlackElo "1626"]
[PlyCount "61"]
[EventDate "2012.08.18"]
[EventType "swiss"]
[EventRounds "9"]
[EventCountry "POL"]
[SourceTitle "EXT 2014"]
[Source "ChessBase"]
[SourceDate "2013.11.20"]
[SourceVersion "1"]
[SourceVersionDate "2013.11.20"]
[SourceQuality "1"]

1. f4 e5 2. fxe5 d6 3. exd6 Bxd6 4. Nf3 g5 5. g3 g4 6. Nh4 Ne7 7. d4 Ng6 8. Nxg6 hxg6 9. Qd3 Nc6 10. c3 Bf5 11. e4 Qe7 12. Bg2 0-0-0 13. Be3 Rxh2 14. Rxh2 Bxg3+ 15. Ke2 Bxh2 16. exf5 Re8 17. fxg6 Bg1 18. gxf7 Qxf7 19. Be4 Bxe3 20. Qxe3 Qc4+ 21. Ke1 Kb8 22. Nd2 Qb5 23. b3 Qh5 24. Ke2 g3+ 25. Kd3 Qb5+ 26. Kc2 Qa5 27. Qxg3 Nd8 28. Nc4 Qh5 29. Re1 Rh8 30. Qg2 b5 31. Ne5 1-0

[Event "Polanica Zdroj op-D 48th"]
[Site "Polanica Zdroj"]
[Date "2012.08.21"]
[Round "4"]
[White "Lukasiewicz, Krzysztof"]
[Black "Koscielny, Edmond"]
[Result "0-1"]
[WhiteElo "1648"]
[BlackElo "1898"]
[PlyCount "158"]
[EventDate "2012.08.18"]
[EventType "swiss"]
[EventRounds "9"]
[EventCountry "POL"]
[SourceTitle "EXT 2014"]
[Source "ChessBase"]
[SourceDate "2013.11.20"]
[SourceVersion "1"]
[SourceVersionDate "2013.11.20"]
[SourceQuality "1"]

1. e4 d6 2. d4 Nf6 3. Bd3 g6 4. f4 Bg7 5. Nf3 0-0 6. 0-0 c5 7. dxc5 dxc5 8. Nc3 Nc6 9. e5 Nd5 10. Nxd5 Qxd5 11. c3 Rd8 12. Bc2 Qc4 13. Qe1 Bg4 14. Be3 Bxf3 15. Rxf3 Nd4 16. Bxd4 cxd4 17. Bb3 Qc5 18. Qf2 b6 19. Rd1 dxc3 20. Qxc5 Rxd1+ 21. Bxd1 bxc5 22. Rxc3 Rd8 23. Bb3 g5 24. Rxc5 gxf4 25. Rc7 Kf8 26. Rxa7 Bxe5 27. Ra5 f6 28. Ra4 Rd2 29. Ra8+ Kg7 30. Re8 Bd6 31. Be6 Rxb2 32. h3 Bc5+ 33. Kf1 h6 34. Bd5 h5 35. h4 Rd2 36. Be6 f3 37. gxf3 Rf2+ 38. Ke1 Rxf3 39. Bb3 Rh3 40. Rg8+ Kh7 41. Rc8 Bb4+ 42. Ke2 Rxh4 43. Bc2+ Kg7 44. Bb3 Rh2+ 45. Kf3 Bd6 46. Rg8+ Kh7 47. Rg1 h4 48. Bg8+ Kh8 49. Be6 Rb2 50. Rg8+ Kh7 51. Rg4 Bg3 52. Bg8+ Kh6 53. Bf7 Rf2+ 54. Ke3 f5 55. Rg6+ Kh7 56. Re6 f4+ 57. Kd3 Rxa2 58. Rxe7 Ra3+ 59. Kd2 Kh6 60. Bd5 h3 61. Be4 Ra2+ 62. Kd3 h2 63. Rh7+ Kg5 64. Bc6 Ra1 65. Ke2 Bh4 66. Rg7+ Kh6 67. Rg4 Bg5 68. Kf2 h1Q 69. Bxh1 Rxh1 70. Rg2 Rh3 71. Rg1 Kg6 72. Rb1 Kf5 73. Rb5+ Kg4 74. Rb4 Rh2+ 75. Kg1 Ra2 76. Rb3 Bh4 77. Rc3 f3 78. Rc8 Ra1+ 79. Kh2 Bg3# 0-1

[Event "Polanica Zdroj op-D 48th"]
[Site "Polanica Zdroj"]
[Date "2012.08.19"]
[Round "2"]
[White "Gradalski, Bartosz"]
[Black "Koscielny, Edmond"]
[Result "0-1"]
[WhiteElo "1617"]
[BlackElo "1898"]
[PlyCount "112"]
[EventDate "2012.08.18"]
[EventType "swiss"]
[EventRounds "9"]
[EventCountry "POL"]
[SourceTitle "EXT 2014"]
[Source "ChessBase"]
[SourceDate "2013.11.20"]
[SourceVersion "1"]
[SourceVersionDate "2013.11.20"]
[SourceQuality "1"]

1. e4 d6 2. d4 Nf6 3. Nc3 g6 4. Nf3 Bg7 5. Be2 Nbd7 6. 0-0 0-0 7. e5 dxe5 8. dxe5 Ng4 9. e6 Nde5 10. Qxd8 Rxd8 11. exf7+ Nxf7 12. Nb5 c6 13. Nc7 Rb8 14. Bc4 Nge5 15. Nxe5 Bxe5 16. Ne6 Bxe6 17. Bxe6 Rd6 18. Bb3 Rbd8 19. c3 Kg7 20. Re1 Bf6 21. Bf4 e5 22. Be3 b6 23. f4 Re8 24. Rad1 Red8 25. Rxd6 Rxd6 26. fxe5 Bxe5 27. Rf1 Rf6 28. Rxf6 Kxf6 29. Bd4 Bxd4+ 30. cxd4 Nd6 31. Kf2 Nf5 32. d5 c5 33. g4 Nd4 34. Bc4 b5 35. Bf1 Ke5 36. Bg2 a5 37. a3 c4 38. Ke3 Nc2+ 39. Kd2 Na1 40. Kc3 Nb3 41. a4 bxa4 42. Kxc4 Kd6 43. Kb5 Nc5 44. Kxa5 Nd3 45. Kxa4 Nxb2+ 46. Kb5 Nd1 47. Bf3 Ne3 48. h3 Nxd5 49. Kc4 Nf4 50. h4 Ke5 51. Kc3 Ne6 52. Kd3 Kf4 53. Be2 Kg3 54. h5 Nf4+ 55. Ke3 Nxe2 56. Kxe2 g5 0-1

[Event "Polanica Zdroj op-D 47th"]
[Site "Polanica Zdroj"]
[Date "2011.08.27"]
[Round "8"]
[White "Jankowski, Rafal"]
[Black "Koscielny, Edmond"]
[Result "0-1"]
[WhiteElo "1529"]
[BlackElo "1835"]
[PlyCount "72"]
[EventDate "2011.08.20"]
[EventType "swiss"]
[EventRounds "9"]
[EventCountry "POL"]
[SourceTitle "EXT 2014"]
[Source "ChessBase"]
[SourceDate "2013.11.20"]
[SourceVersion "1"]
[SourceVersionDate "2013.11.20"]
[SourceQuality "1"]

1. e4 d6 2. d4 Nf6 3. Nc3 g6 4. Be2 c6 5. Be3 Nbd7 6. Qd2 b5 7. a3 Qa5 8. b4 Qc7 9. Nf3 Bg7 10. 0-0 0-0 11. Bh6 e5 12. Bxg7 Kxg7 13. Rad1 a5 14. dxe5 dxe5 15. Qd6 Qxd6 16. Rxd6 axb4 17. axb4 Bb7 18. Nd2 Ra3 19. Nb3 Nb6 20. Bxb5 Nc8 21. Rxc6 Bxc6 22. Bxc6 Ne7 23. Bd5 Rc8 24. Nb5 Ra4 25. c3 Nexd5 26. exd5 Nxd5 27. Rc1 Nxb4 28. c4 Nd3 29. Rc2 Rcxc4 30. Rxc4 Rxc4 31. Nd2 Rc2 32. Nf1 Rxf2 33. Nc3 Rc2 34. Ne4 f5 35. Ned2 e4 36. Kh1 e3 0-1

[Event "Lubawka op"]
[Site "Lubawka"]
[Date "2009.07.02"]
[Round "6"]
[White "Koscielny, Edmond"]
[Black "Galyga, Jozef"]
[Result "1-0"]
[WhiteElo "1901"]
[BlackElo "1944"]
[PlyCount "93"]
[EventDate "2009.06.29"]
[EventType "swiss"]
[EventRounds "9"]
[EventCountry "POL"]
[SourceTitle "CBM 131 Extra"]
[Source "ChessBase"]
[SourceDate "2009.09.03"]
[SourceVersion "2"]
[SourceVersionDate "2009.09.16"]
[SourceQuality "1"]

1. f4 e6 2. Nf3 f5 3. b3 Nf6 4. Bb2 Be7 5. e3 b6 6. Nc3 0-0 7. g3 Bb7 8. Bg2 Qe8 9. 0-0 Qh5 10. h3 a6 11. Ne2 h6 12. c4 g5 13. h4 g4 14. Ne5 Bxg2 15. Kxg2 d6 16. Nd3 c5 17. Nf2 Qe8 18. Qc2 Qc6+ 19. Kh2 Nbd7 20. Nc3 b5 21. cxb5 axb5 22. a4 b4 23. Nb5 Nh5 24. Nxg4 Kh7 25. Nd4 Qd5 26. e4 fxe4 27. Ne3 Qb7 28. Nxe6 d5 29. d3 d4 30. Nxf8+ Rxf8 31. Nc4 e3 32. Nxe3 Nhf6 33. Qg2 Qxg2+ 34. Nxg2 h5 35. Rae1 Nd5 36. Re6 Kg7 37. Rfe1 Rf7 38. Bc1 N7f6 39. f5 Ng4+ 40. Kg1 Rf8 41. Bf4 Bf6 42. Ra6 Nxf4 43. Nxf4 Ne3 44. Ra7+ Be7 45. Ng6 Re8 46. a5 Kf6 47. Rxe7 1-0

[Event "Polanica Zdroj op-B 44th"]
[Site "Polanica Zdroj"]
[Date "2008.08.28"]
[Round "10"]
[White "Koscielny, Edmond"]
[Black "Jarus, Grzegorz"]
[Result "0-1"]
[WhiteElo "1906"]
[BlackElo "1844"]
[PlyCount "104"]
[EventDate "2008.08.19"]
[EventType "swiss"]
[EventRounds "10"]
[EventCountry "POL"]
[SourceTitle "EXT 2009"]
[Source "ChessBase"]
[SourceDate "2008.11.26"]
[SourceVersion "1"]
[SourceVersionDate "2008.11.26"]
[SourceQuality "1"]

1. f4 d5 2. Nf3 c5 3. e3 Nc6 4. Bb5 Bg4 5. b3 e6 6. Bb2 Nf6 7. d3 Be7 8. Bxc6+ bxc6 9. Nbd2 Qb6 10. c4 0-0 11. 0-0 Nd7 12. Qe1 Bxf3 13. Nxf3 Bf6 14. Bxf6 Nxf6 15. Ne5 a5 16. g4 Qc7 17. Qc3 d4 18. exd4 cxd4 19. Qxd4 c5 20. Qc3 Rfd8 21. g5 Nh5 22. Rae1 Rd4 23. f5 f6 24. gxf6 gxf6 25. Nf3 Rg4+ 26. Kf2 exf5 27. Rg1 Nf4 28. Rg3 Qd6 29. d4 Nh5 30. Rgg1 Kf7 31. dxc5 Qxc5+ 32. Qe3 Nf4 33. Qxc5 Nd3+ 34. Ke3 Nxc5 35. Rxg4 fxg4 36. Nd4 Re8+ 37. Kd2 Rd8 38. Kc3 Kg6 39. Nc6 Rd3+ 40. Kc2 Rh3 41. Re2 Nb7 42. a3 a4 43. Nd4 Na5 44. c5 axb3+ 45. Kb2 Nc4+ 46. Ka1 Rd3 47. Nxb3 Rxb3 48. c6 Rxa3+ 49. Kb1 Ne5 50. c7 Ra8 51. Rb2 Rc8 52. Rb7 Nf3 0-1

[Event "Polanica Zdroj op-B 44th"]
[Site "Polanica Zdroj"]
[Date "2008.08.27"]
[Round "9"]
[White "Adamowicz, Maciej"]
[Black "Koscielny, Edmond"]
[Result "1-0"]
[WhiteElo "1790"]
[BlackElo "1906"]
[PlyCount "63"]
[EventDate "2008.08.19"]
[EventType "swiss"]
[EventRounds "10"]
[EventCountry "POL"]
[SourceTitle "CBM 126 Extra"]
[Source "ChessBase"]
[SourceDate "2008.11.05"]
[SourceVersion "1"]
[SourceVersionDate "2008.11.05"]
[SourceQuality "1"]

1. e4 d6 2. d4 Nf6 3. Nc3 g6 4. Be3 Bg7 5. f3 c6 6. Qd2 Qa5 7. Bh6 Bxh6 8. Qxh6 Nbd7 9. 0-0-0 b5 10. Kb1 b4 11. Nce2 c5 12. Nc1 Qc7 13. dxc5 Nxc5 14. Nge2 a5 15. Nd4 Bd7 16. g4 Rc8 17. Qd2 0-0 18. h4 h5 19. gxh5 Nxh5 20. Qh6 e6 21. Be2 d5 22. exd5 exd5 23. Rdg1 Ng3 24. h5 Nf5 25. Nxf5 Bxf5 26. hxg6 fxg6 27. Qh8+ Kf7 28. Rh7+ Ke8 29. Bb5+ Nd7 30. Re1+ Be4 31. Bxd7+ Qxd7 32. Qe5+ 1-0

[Event "Polanica Zdroj op-B 44th"]
[Site "Polanica Zdroj"]
[Date "2008.08.21"]
[Round "3"]
[White "Koscielny, Edmond"]
[Black "Kozicz, Andrzej"]
[Result "1/2-1/2"]
[WhiteElo "1906"]
[BlackElo "2075"]
[PlyCount "37"]
[EventDate "2008.08.19"]
[EventType "swiss"]
[EventRounds "10"]
[EventCountry "POL"]
[SourceTitle "CBM 126 Extra"]
[Source "ChessBase"]
[SourceDate "2008.11.05"]
[SourceVersion "1"]
[SourceVersionDate "2008.11.05"]
[SourceQuality "1"]

1. f4 d5 2. Nf3 e6 3. e3 f5 4. b3 Nf6 5. Bb2 c6 6. Be2 Bd6 7. 0-0 0-0 8. Qe1 a5 9. a4 Na6 10. Bxa6 Rxa6 11. Ne5 Qe8 12. Nc3 Nd7 13. Ne2 Nxe5 14. Bxe5 Bxe5 15. fxe5 c5 16. d4 b6 17. Qh4 Ra7 18. Rf3 g6 19. Raf1 1/2-1/2

[Event "Lubawka op 3rd"]
[Site "Lubawka"]
[Date "2008.07.11"]
[Round "9"]
[White "Stepinski, Stanislaw"]
[Black "Koscielny, Edmond"]
[Result "0-1"]
[WhiteElo "2046"]
[BlackElo "1906"]
[PlyCount "90"]
[EventDate "2008.07.05"]
[EventType "swiss"]
[EventRounds "9"]
[EventCountry "POL"]
[SourceTitle "CBM 125 Extra"]
[Source "ChessBase"]
[SourceDate "2008.09.01"]
[SourceVersion "1"]
[SourceVersionDate "2008.09.01"]
[SourceQuality "1"]

1. d4 f5 2. e4 fxe4 3. f3 exf3 4. Nxf3 Nf6 5. Bg5 g6 6. Bc4 d5 7. Bb3 Bg7 8. 0-0 0-0 9. Nbd2 Bg4 10. Qe1 Kh8 11. c3 Qd6 12. Qh4 Nbd7 13. Rae1 Rae8 14. Bc2 Bxf3 15. Nxf3 Kg8 16. Ne5 Qb6 17. Nxd7 Nxd7 18. Rxf8+ Nxf8 19. Bc1 c6 20. Kh1 Qb5 21. Qg3 e5 22. dxe5 Rxe5 23. c4 Rxe1+ 24. Qxe1 dxc4 25. Bd1 Bxb2 26. Bh6 Qe5 27. Qb4 Qf6 28. Qxc4+ Ne6 29. Bg4 Kf7 30. h3 Qe5 31. Qf1+ Qf6 32. Qc4 Be5 33. Be3 Bb8 34. Bg1 Qe5 35. Qd3 Bd6 36. Qb3 b6 37. Qf3+ Qf4 38. Qxc6 Ng5 39. Qd7+ Kf6 40. Qd8+ Kg7 41. Qd7+ Kf6 42. Qd8+ Kg7 43. Qd7+ Kh6 44. Qd8 Ne4 45. Qh4+ Kg7 0-1

[Event "Fenain op"]
[Site "Fenain"]
[Date "2007.02.27"]
[Round "7.5"]
[White "Koscielny, Edmond"]
[Black "Durczak, Mathieu"]
[Result "0-1"]
[WhiteElo "1906"]
[BlackElo "2046"]
[PlyCount "62"]
[EventDate "2007.02.24"]
[EventType "swiss"]
[EventRounds "7"]
[EventCountry "FRA"]
[SourceTitle "CBM 117 Extra"]
[Source "ChessBase"]
[SourceDate "2007.05.09"]
[SourceVersion "1"]
[SourceVersionDate "2007.05.09"]
[SourceQuality "1"]

1. f4 d5 2. Nf3 Nf6 3. e3 g6 4. Nc3 Bg7 5. Be2 0-0 6. 0-0 c5 7. d3 Nc6 8. Qe1 Rb8 9. Ne5 Nb4 10. Bd1 Nd7 11. a3 Na6 12. Nxd7 Qxd7 13. e4 d4 14. Ne2 b5 15. Qh4 Bf6 16. Qg3 Qg4 17. Qe1 Qd7 18. f5 Rb6 19. Qg3 e5 20. Bh6 Re8 21. h4 Bg7 22. Bxg7 Kxg7 23. h5 Qe7 24. c3 Kh8 25. hxg6 fxg6 26. Bb3 gxf5 27. exf5 Bb7 28. Be6 Qf6 29. cxd4 cxd4 30. Rac1 Ba8 31. Kf2 Rbxe6 0-1

[Event "Bethune op"]
[Site "Bethune"]
[Date "2005.07.08"]
[Round "8"]
[White "Koscielny, Edmond"]
[Black "Joie, Sebastien"]
[Result "1-0"]
[WhiteElo "1884"]
[BlackElo "2004"]
[PlyCount "67"]
[EventDate "2005.07.02"]
[EventType "swiss"]
[EventRounds "9"]
[EventCountry "FRA"]
[SourceTitle "CBM 107 Extra"]
[Source "ChessBase"]
[SourceDate "2005.09.01"]
[SourceVersion "1"]
[SourceVersionDate "2005.09.01"]
[SourceQuality "1"]

1. e4 d6 2. d4 Nf6 3. Nc3 g6 4. Be3 c6 5. f3 Nbd7 6. Qd2 b5 7. 0-0-0 Qa5 8. a3 Qc7 9. d5 a6 10. dxc6 Qxc6 11. Nge2 Rb8 12. Nd4 Qc7 13. g4 Ne5 14. g5 Nh5 15. Nd5 Qb7 16. b3 Be6 17. Nb4 Bd7 18. Bg2 a5 19. f4 e6 20. fxe5 dxe5 21. Nf3 axb4 22. Nxe5 Bc6 23. Rhf1 f5 24. gxf6 Nxf6 25. Rxf6 Be7 26. Rxe6 0-0 27. Rxe7 Qxe7 28. Nxc6 Qf6 29. Qd5+ Rf7 30. Nxb8 Qa1+ 31. Kd2 Qc3+ 32. Ke2 Qxc2+ 33. Rd2 Qb1 34. Bh6 1-0